Konkurz je najvyššou paušalizovanou formou exekúcie smerujúcou na majetok úpadcu
Problematiku konkurzu rieši zákon č. 328/1991 Zb. o konkurze a vyrovnaní. Viacnásobná novelizácia zákona. Konkurz a likvidácia právnickej osoby. Konkurz a realizácia právnych úkonov v daňovom konaní.
Gespeichert in:
| 1. Verfasser: | |
|---|---|
| Format: | Buchkapitel |
| Sprache: | Slowakisch |
| Schlagworte: | |
| Tags: |
Keine Tags, Fügen Sie das erste Tag hinzu!
|
MARC
| LEADER | 00000naa a2200000 4500 | ||
|---|---|---|---|
| 001 | r035276 | ||
| 005 | 20230921103845.8 | ||
| 041 | 0 | |a slo | |
| 044 | |a SK | ||
| 245 | 1 | 0 | |a Konkurz je najvyššou paušalizovanou formou exekúcie smerujúcou na majetok úpadcu |c Patrik Benčík |
| 520 | |a Problematiku konkurzu rieši zákon č. 328/1991 Zb. o konkurze a vyrovnaní. Viacnásobná novelizácia zákona. Konkurz a likvidácia právnickej osoby. Konkurz a realizácia právnych úkonov v daňovom konaní. | ||
| 610 | 2 | 0 | |a konkurzy |
| 610 | 2 | 0 | |a vyrovnanie |
| 610 | 2 | 0 | |a likvidácia |
| 610 | 2 | 0 | |a osoby právnické |
| 610 | 2 | 0 | |a konanie daňové |
| 610 | 2 | 0 | |a zákony |
| 610 | 2 | 0 | |a Slovensko |
| 100 | 1 | |a Benčík, Patrik | |